S novou levickou riaditeľkou

Bibliographic Details
Main Authors: Vydrová, Hana (Author), Brozmannová, Želmíra, 1940- (Author)
Format: Article
Language:Slovak
Subjects:

MARC

LEADER 00000nab a2200000 a 4500
001 vtls000398016
003 SK-MaSNL
005 20260303134633.0
008 230217c1990 xo 0 slo
015 |a SNBRB19rr/mm-uuuuu 
035 |a CL0398140 
035 |a urn:nbn:sk:snk-abbl74 
035 |a (urnnbn)urn:nbn:sk:snk:ar-001aem 
035 |a (uuid)bd5db914-6d4a-4eb1-847d-4fe818da018a 
040 |a SNKBUCL  |b slo  |c SNKBUCL  |e AACR2 
041 0 |a slo 
044 |a xo  |c SK 
080 |a 027.53(437.6)  |2 1981 
100 1 |a Vydrová, Hana  |4 aut  |9 387909 
245 1 0 |a S novou levickou riaditeľkou  |c Hana Vydrová, Želmíra Brozmannová 
610 2 7 |a Okresná knižnica (Levice, Slovensko)  |2 snkbucl  |9 56931 
655 7 |a články z novín a časopisov  |2 snkbucl  |9 267496 
655 7 |a články z odboru knihovníctvo  |2 snkbucl  |9 166141 
700 1 |a Brozmannová, Želmíra,  |d 1940-  |4 aut  |9 5115 
773 0 |t Čitateľ  |g Roč. 39, č. 10 (1990), s. 372-373 
850 |a Slovenská národná knižnica v Martine  |a MTA001 
852 |a SNK  |b KIS3GCP 
954 |a odborná, vedecká literatúra pôvodná (slovenská)  |2 lita 
958 |a RK 
958 |a KL 
958 |a OND 
958 |a EUIPO 
958 |a article15 
992 |a RBX 
999 |c 1961223  |d 1963153